Normal view
MARC view
Entry Topical Term
001 - CONTROL NUMBER
- control field: 75893
003 - CONTROL NUMBER IDENTIFIER
- control field: OSt
005 - DATE AND TIME OF LATEST TRANSACTION
- control field: 20190709161742.0
008 - FIXED-LENGTH DATA ELEMENTS
- fixed length control field: 190709|| aca||aabn | a|a d
040 ## - CATALOGING SOURCE
- Original cataloging agency: OSt
- Transcribing agency: OSt
150 ## - HEADING--TOPICAL TERM
- Topical term or geographic name entry element: LAW
670 ## - SOURCE DATA FOUND
- Source citation: Work cat.: (OSt): Tandon, Amish 75892, Law of Sexual Harrassment At Work Place, 2017









